[Event "Tata Steel Chess India 2024 - Rapid"]
[Site "Kolkata"]
[Date "15.11.2024"]
[Round "9R"]
[White "Nihal, Sarin"]
[Black "So, Wesley"]
[Result "1/2-1/2"]
[WhiteTitle "GM"]
[BlackTitle "GM"]
[WhiteElo "2676"]
[BlackElo "2747"]
[WhiteFideId "25092340"]
[BlackFideId "5202213"]
[EventDate "2024.11.13"]

1. e4 e5 2. Nf3 Nc6 3. Bb5 Nf6 4. O-O Nxe4 5. Re1 Nd6 6. Nxe5 Be7 7. Bf1 Nxe5 8.
Rxe5 O-O 9. d4 Bf6 10. Re1 Re8 11. c3 Rxe1 12. Qxe1 Ne8 13. Bf4 d5 14. Bd3 g6
15. Nd2 Ng7 16. Qe2 c6 17. Re1 Bf5 18. Bxf5 Nxf5 19. Nf3 Ng7 20. Be5 Ne6 21.
Bxf6 Qxf6 22. Ne5 Re8 23. Ng4 Qd8 24. Qe5 Ng7 25. Qxe8+ Nxe8 26. Rxe8+ Qxe8 27.
Nf6+ Kf8 28. Nxe8 Kxe8 29. f4 f5 30. Kf2 1/2-1/2

[Event "Tata Steel Chess India 2024 - Blitz"]
[Site "Kolkata"]
[Date "16.11.2024"]
[Round "1B"]
[White "Carlsen, Magnus"]
[Black "Narayanan, S.L."]
[Result "1-0"]
[WhiteTitle "GM"]
[BlackTitle "GM"]
[WhiteElo "2831"]
[BlackElo "2647"]
[WhiteFideId "1503014"]
[BlackFideId "5058422"]
[EventDate "2024.11.16"]

1. e4 c5 2. Nf3 e6 3. Bd3 Nc6 4. O-O g5 5. Bb5 g4 6. Ne1 h5 7. c3 Nf6 8. d3 d5
9. Qe2 Be7 10. Bg5 Rg8 11. f4 dxe4 12. Bxc6+ bxc6 13. dxe4 c4 14. Na3 Qb6+ 15.
Kh1 Ba6 16. Rd1 Rb8 17. Nxc4 Qc5 18. b3 Bxc4 19. bxc4 Nd7 20. Rxd7 Kxd7 21. Nd3
Qa5 22. Ne5+ Ke8 23. Bxe7 1-0

[Event "Tata Steel Chess India 2024 - Blitz"]
[Site "Kolkata"]
[Date "16.11.2024"]
[Round "1B"]
[White "Praggnanandhaa, Rameshbabu"]
[Black "Vidit, Santosh Gujrathi"]
[Result "0-1"]
[WhiteTitle "GM"]
[BlackTitle "GM"]
[WhiteElo "2737"]
[BlackElo "2739"]
[WhiteFideId "25059530"]
[BlackFideId "5029465"]
[EventDate "2024.11.16"]

1. e4 e5 2. Nf3 Nc6 3. g3 g6 4. d4 exd4 5. Nxd4 Bg7 6. Ne2 Nge7 7. Bg2 O-O 8.
O-O d6 9. Nbc3 Be6 10. Nf4 Bc4 11. Re1 b5 12. Ncd5 b4 13. a3 bxa3 14. Rxa3 a5
15. b3 Bxd5 16. exd5 Ne5 17. Bd2 a4 18. Rxa4 Rxa4 19. bxa4 Qd7 20. a5 Nf5 21.
Bb4 Ra8 22. c3 h5 23. Qe2 Qa4 24. h3 Bh6 25. Nd3 Nc4 26. Nb2 Nxb2 27. Qxb2 Bg7
28. Qe2 Be5 29. Be4 Ne7 30. Qc4 Rxa5 31. Qxc7 Ra7 32. Qb8+ Kh7 33. Bxd6 Bxc3 34.
Be5 Bxe5 35. Qxe5 Qb4 36. Bg2 Nf5 37. Rd1 Re7 38. Qf6 Qd6 39. Qc3 Rc7 40. Qd2
Rc4 41. Qe2 Rd4 42. Rxd4 Nxd4 43. Qd3 Nf5 44. Be4 Ne7 45. Qd4 Nc8 46. Qd1 Qe5
47. Bf3 Nd6 48. Kg2 Kg7 49. Qd3 Kf8 50. Qd2 Ke7 51. Qb4 Kf6 52. Qb8 Kg7 53. Qc7
Qf6 54. Qc5 Qe5 55. Qc1 Nf5 56. Qd2 Nd6 57. Qd3 Qf6 58. Bd1 Qe5 59. Bc2 Qf6 60.
Qe3 Kf8 61. Bd3 Kg7 62. g4 hxg4 63. hxg4 g5 64. Qh3 Qf4 65. Qh7+ Kf8 66. Qh8+
Ke7 67. Be2 Ne4 68. Bf3 Nd6 69. Qc3 Kf8 70. Qh8+ Ke7 71. Qb8 Qe5 72. Qc7+ Kf8
73. Qc2 Ke7 74. Qd3 Qf4 75. Qa3 Qe5 76. Qc5 Kf8 77. Qc7 Kg7 78. Qb8 Qf4 79. Qb2+
Kf8 80. Qe2 Kg7 81. Qe7 Kg8 82. Qd8+ Kg7 83. Qe7 Kg8 84. Qe2 Kf8 85. Qd3 Ke7 86.
Kg1 Qc1+ 87. Bd1 Qf4 88. Qe2+ Kf6 89. Bc2 Qd4 90. Qf3+ Ke7 91. Bd3 Qe5 92. Kf1
Qd4 93. Kg2 Qe5 94. Bh7 Qd4 95. Bc2 Qe5 96. Ba4 Qd4 97. Bc6 Qe5 98. Ba4 Qd4 99.
Bb3 Qe5 100. Bc2 Qd4 101. Qe2+ Kf6 102. Bb3 Qe4+ 103. Qxe4 Nxe4 104. Kf3 Nd2+
105. Ke3 Nxb3 106. f4 Nc5 107. d6 Nd7 108. Ke4 gxf4 109. Kxf4 Ke6 110. g5 Nf8
111. g6 Nxg6+ 112. Kg5 Ne5 0-1

[Event "Tata Steel Chess India 2024 - Blitz"]
[Site "Kolkata"]
[Date "16.11.2024"]
[Round "1B"]
[White "So, Wesley"]
[Black "Erigaisi, Arjun"]
[Result "1-0"]
[WhiteTitle "GM"]
[BlackTitle "GM"]
[WhiteElo "2747"]
[BlackElo "2799"]
[WhiteFideId "5202213"]
[BlackFideId "35009192"]
[EventDate "2024.11.16"]

1. d4 Nf6 2. c4 e6 3. Nc3 Bb4 4. e3 b6 5. Ne2 c5 6. a3 Ba5 7. Rb1 Na6 8. Bd2 O-O
9. Ng3 Bb7 10. Bd3 cxd4 11. exd4 Bxc3 12. bxc3 d6 13. O-O h6 14. a4 Bc6 15. a5
bxa5 16. Qc1 Nc7 17. Bxh6 gxh6 18. Qxh6 Nce8 19. d5 exd5 20. cxd5 Bxd5 21. Rb5
Nc7 22. Nh5 Nce8 23. Rxd5 1-0

[Event "Tata Steel Chess India 2024 - Blitz"]
[Site "Kolkata"]
[Date "16.11.2024"]
[Round "1B"]
[White "Abdusattorov, Nodirbek"]
[Black "Dubov, Daniil"]
[Result "1/2-1/2"]
[WhiteTitle "GM"]
[BlackTitle "GM"]
[WhiteElo "2777"]
[BlackElo "2693"]
[WhiteFideId "14204118"]
[BlackFideId "24126055"]
[EventDate "2024.11.16"]

1. e4 e5 2. Nf3 Nc6 3. Nc3 Nf6 4. h3 d5 5. exd5 Nxd5 6. Bb5 Nxc3 7. bxc3 Bd6 8.
d4 exd4 9. cxd4 O-O 10. O-O Bf5 11. c4 a6 12. Ba4 Be4 13. Be3 b5 14. cxb5 axb5
15. Bxb5 Nb4 16. Bc4 Nc2 17. Rc1 Nxe3 18. fxe3 Qe7 19. Bb3 Kh8 20. Ne5 Bxe5 21.
dxe5 Qxe5 22. Qd4 Qe7 23. Qc5 Qd7 24. Qxc7 Qd2 25. Qg3 Bg6 26. Rcd1 Qc3 27. Rc1
Qd2 28. Rfd1 Qa5 29. Rd5 Qb6 30. h4 Rae8 31. Re5 Rxe5 32. Qxe5 f6 33. Qc5 Qb8
34. h5 Be4 35. Qc7 Qe8 36. Qd6 Ba8 37. Kf2 h6 38. Rc7 f5 39. Qd4 Rf6 40. Qc3 Bc6
41. Bd5 Bd7 42. Ra7 Bc6 43. Bxc6 Qxc6 44. Qxc6 Rxc6 45. Kf3 Rc4 46. g3 Rg4 47.
a4 Rg5 48. Rb7 Rxh5 49. Rb1 Rg5 50. a5 Rg6 51. Ra1 Ra6 52. Kf4 g6 53. Ke5 Kg7
54. Kd5 Kf6 55. Kc5 Kg5 56. Kb5 Re6 57. a6 Re5+ 58. Kc6 Rxe3 59. a7 Re8 60. a8=Q
Rxa8 61. Rxa8 f4 62. gxf4+ Kxf4 63. Kd5 h5 64. Rf8+ Kg3 65. Ke4 h4 66. Ke3 h3
67. Rg8 Kg2 68. Rxg6+ Kf1 69. Rh6 Kg2 70. Ke2 h2 71. Rg6+ Kh1 72. Kf2 1/2-1/2

[Event "Tata Steel Chess India 2024 - Blitz"]
[Site "Kolkata"]
[Date "16.11.2024"]
[Round "1B"]
[White "Keymer, Vincent"]
[Black "Nihal, Sarin"]
[Result "0-1"]
[WhiteTitle "GM"]
[BlackTitle "GM"]
[WhiteElo "2733"]
[BlackElo "2676"]
[WhiteFideId "12940690"]
[BlackFideId "25092340"]
[EventDate "2024.11.16"]

1. c4 Nf6 2. Nf3 b6 3. d4 Bb7 4. g3 g6 5. Bg2 Bg7 6. O-O O-O 7. d5 Na6 8. Nc3
Nc5 9. Qc2 a5 10. e4 d6 11. Rb1 e6 12. h3 Re8 13. Re1 exd5 14. exd5 Rxe1+ 15.
Nxe1 Bc8 16. Ra1 Bf5 17. Qd1 a4 18. Be3 a3 19. b3 Nfe4 20. Nxe4 Nxe4 21. Bxe4
Bxe4 22. Bd4 Qe7 23. Bxg7 Kxg7 24. Qd4+ Kg8 25. f3 Bf5 26. g4 Bd7 27. Ng2 Qe2
28. Qf2 Qb2 29. Rd1 b5 30. cxb5 Bxb5 31. Rd2 Qc1+ 32. Qe1 Qc3 33. Qe3 Qc1+ 34.
Qe1 Qc3 35. Qe3 Qa1+ 36. Qe1 Qf6 37. Qf2 Re8 38. Rc2 Bd3 39. Rd2 Qc3 40. Kh2 Bb1
41. h4 Qe5+ 42. Qg3 Qc3 43. Qf2 Re7 44. Kg1 Re5 45. Kh2 Qa5 46. Qd4 Qb5 47. g5
Re2 48. Kg3 Bxa2 49. Nf4 Rxd2 50. Qxd2 Bxb3 51. Qe3 a2 52. Qa7 Qe8 53. Qa5 h5
54. gxh6 Kh7 55. Qc3 Qe5 56. Qxc7 Qf6 57. Ne6 a1=Q 58. Ng5+ Kxh6 59. Nxf7+ Kh5
60. Ng5 Qg1+ 0-1

[Event "Tata Steel Chess India 2024 - Blitz"]
[Site "Kolkata"]
[Date "16.11.2024"]
[Round "2B"]
[White "Vidit, Santosh Gujrathi"]
[Black "So, Wesley"]
[Result "1/2-1/2"]
[WhiteTitle "GM"]
[BlackTitle "GM"]
[WhiteElo "2739"]
[BlackElo "2747"]
[WhiteFideId "5029465"]
[BlackFideId "5202213"]
[EventDate "2024.11.16"]

1. e4 e5 2. Nf3 Nc6 3. Bc4 Nf6 4. d3 Bc5 5. O-O O-O 6. h3 d6 7. c3 Bb6 8. Re1
Ne7 9. d4 exd4 10. cxd4 d5 11. exd5 Nexd5 12. Nc3 h6 13. Qb3 c6 14. Bd2 Be6 15.
Rad1 Nxc3 16. bxc3 Bxc4 17. Qxc4 Qd5 18. Qa4 Rfe8 19. c4 Qd7 20. Be3 Bc7 21. d5
cxd5 22. Qxd7 Nxd7 23. cxd5 Bd6 24. Nd4 a6 25. Nf5 Bf8 26. g4 h5 27. Kg2 Rad8
28. Bg5 f6 29. Bf4 g6 30. Rxe8 Rxe8 31. Nd4 hxg4 32. hxg4 Rc8 33. Bg3 Rc4 34.
Kf3 Rc3+ 35. Kg2 Rc4 36. Kf3 Rc3+ 37. Kg2 1/2-1/2

[Event "Tata Steel Chess India 2024 - Blitz"]
[Site "Kolkata"]
[Date "16.11.2024"]
[Round "2B"]
[White "Carlsen, Magnus"]
[Black "Praggnanandhaa, Rameshbabu"]
[Result "1-0"]
[WhiteTitle "GM"]
[BlackTitle "GM"]
[WhiteElo "2831"]
[BlackElo "2737"]
[WhiteFideId "1503014"]
[BlackFideId "25059530"]
[EventDate "2024.11.16"]

1. e4 c6 2. Nf3 d5 3. d3 Bg4 4. h3 Bh5 5. Qe2 e6 6. g4 Bg6 7. h4 dxe4 8. dxe4 h5
9. g5 Nd7 10. Nbd2 Qc7 11. b3 Ne5 12. Bb2 Bd6 13. O-O-O Ne7 14. Ne1 O-O-O 15.
Bh3 Kb8 16. Kb1 Nc8 17. f4 Ng4 18. Bxg4 hxg4 19. Bxg7 Rh7 20. Bf6 Rd7 21. Nc4
Bxf4 22. Nd3 Bg3 23. Nc5 Rxd1+ 24. Rxd1 Nd6 25. Nxd6 Bxd6 26. Rxd6 1-0

[Event "Tata Steel Chess India 2024 - Blitz"]
[Site "Kolkata"]
[Date "16.11.2024"]
[Round "2B"]
[White "Narayanan, S.L."]
[Black "Nihal, Sarin"]
[Result "0-1"]
[WhiteTitle "GM"]
[BlackTitle "GM"]
[WhiteElo "2647"]
[BlackElo "2676"]
[WhiteFideId "5058422"]
[BlackFideId "25092340"]
[EventDate "2024.11.16"]

1. e4 c5 2. Nf3 d6 3. Bc4 Nf6 4. d3 Nc6 5. O-O g6 6. Re1 Bg7 7. a4 O-O 8. c3 Bg4
9. Nbd2 Ne5 10. h3 Bxf3 11. Nxf3 Nxc4 12. dxc4 Nd7 13. Bf4 Qc7 14. Qd2 Rfe8 15.
Bh6 Rad8 16. Bxg7 Kxg7 17. a5 Ne5 18. Nxe5 dxe5 19. Qe3 Rd7 20. a6 b6 21. Red1
Red8 22. Qe2 Qc8 23. Rd5 e6 24. Rxd7 Rxd7 25. Kf1 h5 26. g3 h4 27. Ke1 hxg3 28.
fxg3 Rd6 29. Rd1 Rxd1+ 30. Kxd1 Qxa6 31. h4 Qa1+ 32. Kc2 Qg1 33. Qf3 Qh2+ 34.
Kb3 Qd2 35. h5 Qg5 36. hxg6 Kxg6 37. Ka4 a6 38. b4 Qe7 39. Qg4+ Kh6 40. bxc5
bxc5 41. Ka5 Qg5 42. Qf3 f5 43. Kxa6 f4 44. g4 Qh4 45. Kb5 Kg5 46. Kxc5 Qxg4 47.
Qf1 f3 48. Kd6 Qg2 49. Qc1+ Kg6 50. c5 f2 0-1

[Event "Tata Steel Chess India 2024 - Blitz"]
[Site "Kolkata"]
[Date "16.11.2024"]
[Round "2B"]
[White "Dubov, Daniil"]
[Black "Keymer, Vincent"]
[Result "1-0"]
[WhiteTitle "GM"]
[BlackTitle "GM"]
[WhiteElo "2693"]
[BlackElo "2733"]
[WhiteFideId "24126055"]
[BlackFideId "12940690"]
[EventDate "2024.11.16"]

1. d4 Nf6 2. c4 e6 3. Nf3 d5 4. g3 Bb4+ 5. Nbd2 a5 6. Bg2 dxc4 7. O-O b5 8. a4
c6 9. Qc2 Bb7 10. e4 O-O 11. e5 Nd5 12. Ne4 h6 13. g4 f5 14. exf6 Nxf6 15. g5
Nxe4 16. Qxe4 Qd5 17. Qg4 Qf5 18. Qg3 h5 19. Ne5 Bd6 20. Bh3 Bxe5 21. Bxf5 Bxg3
22. Bxe6+ Kh7 23. hxg3 Bc8 24. d5 Bxe6 25. dxe6 Re8 26. Bf4 Rxe6 27. Rfd1 Re8
28. Rd6 g6 29. g4 hxg4 30. Kg2 Ra7 31. Rh1+ Kg8 32. Rxg6+ Rg7 33. Rgh6 Kf7 34.
Rf6+ Kg8 35. Rfh6 Kf7 36. Rd1 bxa4 37. Rdd6 Kg8 38. g6 Nd7 39. Bd2 Ne5 40. Bc3
Rge7 41. Rxc6 Re6 42. Rc7 R8e7 43. Rc8+ Re8 44. Rc5 Nxg6 45. Rg5 Kf7 46. Rh7+
Kf8 47. Rf5+ 1-0

[Event "Tata Steel Chess India 2024 - Blitz"]
[Site "Kolkata"]
[Date "16.11.2024"]
[Round "2B"]
[White "Erigaisi, Arjun"]
[Black "Abdusattorov, Nodirbek"]
[Result "1-0"]
[WhiteTitle "GM"]
[BlackTitle "GM"]
[WhiteElo "2799"]
[BlackElo "2777"]
[WhiteFideId "35009192"]
[BlackFideId "14204118"]
[EventDate "2024.11.16"]

1. d4 d5 2. Nf3 Nf6 3. Bf4 c5 4. e3 e6 5. c3 Qb6 6. Qb3 Bd7 7. Nbd2 Bc6 8. Be2
Nbd7 9. h3 Be7 10. O-O O-O 11. Rfc1 Rfc8 12. a4 a5 13. Qa2 Qd8 14. b3 b6 15. Rc2
Qf8 16. Rd1 Bd6 17. Ne5 Bb7 18. Bb5 Qe7 19. Ndf3 Nf8 20. Bg5 h6 21. Bh4 Ng6 22.
Nxg6 fxg6 23. Bd3 g5 24. Bg3 Bxg3 25. fxg3 Nd7 26. Rf2 e5 27. Bf5 e4 28. Bxd7
Qxd7 29. Ne5 Qe6 30. Rf7 Ba6 31. Rd2 Rf8 32. Rdf2 Rxf7 33. Rxf7 Rf8 34. Rxf8+
Kxf8 35. Qd2 Ke8 36. b4 axb4 37. cxb4 Bc4 38. a5 cxb4 39. Qxb4 bxa5 40. Qxa5 Kf8
41. Qd8+ Qe8 42. Qc7 Ba2 43. Qa5 Bc4 44. Qc5+ Kg8 45. Nxc4 dxc4 46. Qxc4+ Kf8
47. Qc5+ Kg8 48. Qd5+ Kh8 49. g4 Kh7 50. Qf5+ Kh8 51. d5 Qa4 52. Kh2 Qb4 53. Qe5
Qc5 54. Qe8+ Kh7 55. Qxe4+ Kh8 56. Qe6 Qc4 57. Qe5 Qc5 58. e4 Kh7 59. Qf5+ Kh8
60. Qf3 Kh7 61. e5 Qd4 62. Qf5+ Kh8 63. d6 h5 64. gxh5 g4 65. hxg4 Qd2 66. d7 1-0

[Event "Tata Steel Chess India 2024 - Blitz"]
[Site "Kolkata"]
[Date "16.11.2024"]
[Round "3B"]
[White "So, Wesley"]
[Black "Carlsen, Magnus"]
[Result "1/2-1/2"]
[WhiteTitle "GM"]
[BlackTitle "GM"]
[WhiteElo "2747"]
[BlackElo "2831"]
[WhiteFideId "5202213"]
[BlackFideId "1503014"]
[EventDate "2024.11.16"]

1. d4 d5 2. c4 e6 3. Nc3 a6 4. cxd5 exd5 5. Bf4 Nf6 6. e3 Bd6 7. Qf3 Bxf4 8.
Qxf4 Nbd7 9. Bd3 Nf8 10. Nge2 Ng6 11. Qg3 O-O 12. h4 Ne7 13. h5 h6 14. Qf4 Bg4
15. Ng3 Re8 16. f3 Be6 17. Nge2 Nd7 18. O-O-O c5 19. dxc5 Nxc5 20. Bc2 Rc8 21.
Kb1 b5 22. e4 b4 23. exd5 Nxd5 24. Nxd5 Bxd5 25. Qf5 Bxa2+ 26. Kxa2 b3+ 27. Bxb3
Qa5+ 28. Kb1 Nxb3 29. Qxa5 Nxa5 30. Nc3 Nc4 31. Rh4 Re6 32. Re4 Rb6 33. Nd5
Rxb2+ 34. Ka1 Rb7 35. Ne7+ Rxe7 36. Rxe7 Nb6 37. Rb7 Na4 38. g4 Nc5 39. Ra7 Ne6
40. Rxa6 Rc3 41. Rf1 Nd4 42. Ra8+ Kh7 43. Kb2 Rxf3 44. Rxf3 Nxf3 45. Kc3 Ne5 46.
Ra4 g6 47. Re4 Nf3 48. Rf4 Ng5 49. Kd3 Kg7 50. Ke3 Nh7 51. hxg6 Kxg6 52. Kf3 1/2-1/2

[Event "Tata Steel Chess India 2024 - Blitz"]
[Site "Kolkata"]
[Date "16.11.2024"]
[Round "3B"]
[White "Praggnanandhaa, Rameshbabu"]
[Black "Narayanan, S.L."]
[Result "0-1"]
[WhiteTitle "GM"]
[BlackTitle "GM"]
[WhiteElo "2737"]
[BlackElo "2647"]
[WhiteFideId "25059530"]
[BlackFideId "5058422"]
[EventDate "2024.11.16"]

1. e4 e5 2. Nf3 Nc6 3. g3 d5 4. exd5 Qxd5 5. Nc3 Qd6 6. Bg2 Bg4 7. h3 Bh5 8. g4
Bg6 9. d3 O-O-O 10. Nh4 Be7 11. Nxg6 hxg6 12. Qf3 Rf8 13. Be3 f5 14. O-O-O a6
15. Kb1 Nh6 16. g5 Nf7 17. h4 Nfd8 18. d4 exd4 19. Bf4 Qd7 20. Nd5 Bd6 21. Qg3
Bxf4 22. Nxf4 Qd6 23. c3 Kb8 24. cxd4 Nxd4 25. Rd2 Ka7 26. Rc1 c5 27. Nd3 f4 28.
Qg4 f3 29. Bh3 N8e6 30. Nxc5 Nf4 31. Bf1 Rc8 32. Ne4 Rxc1+ 33. Kxc1 Qc6+ 34. Nc3
Nde2+ 35. Bxe2 fxe2 36. Rxe2 Nxe2+ 37. Qxe2 Rxh4 38. Qe3+ Qb6 39. Qg3 Rd4 40. a3
Qc5 41. Kb1 Qf5+ 42. Ka1 Rd3 43. Qc7 Qxf2 44. Qxg7 Qg1+ 45. Ka2 Qxg5 46. Qc7 Qf5
47. a4 Qe6+ 48. Kb1 Rd7 49. Qf4 Qb6 50. Qg5 Rd4 51. a5 Qd8 52. Qc5+ Kb8 53. b3
Rd6 54. Na4 Rc6 55. Qe5+ Qc7 56. Qe8+ Qc8 57. Qe5+ Rc7 58. Kb2 Qd8 59. Nb6 Ka7
60. Nc4 Re7 61. Qc5+ Kb8 62. Qf2 g5 63. Qg3+ Rc7 64. Ka2 Qf6 65. Nb6 Qc6 66. Nc4
Qc5 67. Kb2 Ka7 68. Ka2 Rf7 69. Qg4 Rf2+ 70. Ka1 Qd5 71. Qc8 Qh1# 0-1

[Event "Tata Steel Chess India 2024 - Blitz"]
[Site "Kolkata"]
[Date "16.11.2024"]
[Round "3B"]
[White "Abdusattorov, Nodirbek"]
[Black "Vidit, Santosh Gujrathi"]
[Result "0-1"]
[WhiteTitle "GM"]
[BlackTitle "GM"]
[WhiteElo "2777"]
[BlackElo "2739"]
[WhiteFideId "14204118"]
[BlackFideId "5029465"]
[EventDate "2024.11.16"]

1. c4 e5 2. Nc3 Nf6 3. Nf3 Nc6 4. e4 Bb4 5. d3 d6 6. h3 O-O 7. Be2 h6 8. O-O Bc5
9. Be3 Re8 10. Qd2 a6 11. Rae1 Nd4 12. Bd1 c6 13. a3 a5 14. Kh1 Bd7 15. Bxd4
exd4 16. Ne2 Qb6 17. Nh2 d5 18. cxd5 cxd5 19. exd5 Nxd5 20. Nf3 Qf6 21. Ng3 Qf4
22. Rxe8+ Bxe8 23. Ne4 Bb6 24. g3 Qf5 25. Kg2 Bd7 26. Ng1 Bc6 27. Bf3 a4 28. Kh2
Rd8 29. Bg2 Nc7 30. Qb4 Nd5 31. Qd2 Qd7 32. Nf3 Re8 33. Re1 f5 34. Qc2 fxe4 35.
dxe4 Nc7 36. Qc4+ Kh7 37. h4 d3 38. Bh3 Qd6 39. Bf5+ Kh8 40. Rd1 Bxf2 41. e5 Qd5
42. Qxd5 Nxd5 43. Rxd3 Ne7 44. Bg4 Bb6 45. h5 Rd8 46. Rc3 Nd5 47. Rc1 Ne3 48.
Kh3 Nxg4 49. Kxg4 Bd7+ 50. Kh4 Rf8 51. Rd1 Bd8+ 0-1

[Event "Tata Steel Chess India 2024 - Blitz"]
[Site "Kolkata"]
[Date "16.11.2024"]
[Round "3B"]
[White "Keymer, Vincent"]
[Black "Erigaisi, Arjun"]
[Result "1/2-1/2"]
[WhiteTitle "GM"]
[BlackTitle "GM"]
[WhiteElo "2733"]
[BlackElo "2799"]
[WhiteFideId "12940690"]
[BlackFideId "35009192"]
[EventDate "2024.11.16"]

1. c4 b6 2. Nc3 Bb7 3. d4 Nf6 4. Qc2 d5 5. cxd5 Nxd5 6. e4 Nxc3 7. bxc3 e6 8.
Nf3 Be7 9. Bb5+ c6 10. Bd3 O-O 11. e5 h6 12. Bh7+ Kh8 13. Be4 Qd7 14. O-O c5 15.
Rd1 cxd4 16. Nxd4 Bxe4 17. Qxe4 Na6 18. Qg4 Qc7 19. Qh5 Kg8 20. Bxh6 gxh6 21.
Rd3 Bg5 22. h4 Nc5 23. Rf3 Qxe5 24. hxg5 Ne4 25. Re1 Qxg5 26. Qh3 Qg6 27. Rxe4
Qxe4 28. Qxh6 Qb1+ 29. Kh2 Qh7 30. Rg3+ Kh8 31. Qxh7+ Kxh7 32. Nc6 Rac8 33. Rh3+
Kg7 34. Rg3+ Kf6 35. Rf3+ Kg5 36. Rg3+ Kf4 37. Rf3+ Ke4 38. Re3+ Kd5 39. Ne7+
Kc4 40. Nxc8 Rxc8 41. g4 Rd8 42. Rf3 Rd7 43. Kg2 b5 44. Kh2 a5 45. Kg2 a4 46.
Kf1 a3 47. Kg2 Rc7 48. Re3 Rb7 49. Rh3 Rd7 50. Rf3 Re7 51. Re3 f5 52. gxf5 Rg7+
53. Kf3 exf5 54. Kf4 Rg2 55. Re2 Kxc3 56. Kxf5 b4 57. Ke4 b3 58. Re3+ Kb2 59.
Rxb3+ Kxa2 60. Rb8 Rxf2 61. Kd3 Rb2 62. Ra8 Rb6 63. Kc2 Rc6+ 64. Kd2 Rc4 65. Ra7
Rb4 66. Kc2 Rb2+ 67. Kc1 Rh2 68. Rc7 Kb3 69. Rb7+ Kc3 70. Rc7+ Kb4 71. Rb7+ Kc5
72. Kb1 1/2-1/2

[Event "Tata Steel Chess India 2024 - Blitz"]
[Site "Kolkata"]
[Date "16.11.2024"]
[Round "3B"]
[White "Nihal, Sarin"]
[Black "Dubov, Daniil"]
[Result "0-1"]
[WhiteTitle "GM"]
[BlackTitle "GM"]
[WhiteElo "2676"]
[BlackElo "2693"]
[WhiteFideId "25092340"]
[BlackFideId "24126055"]
[EventDate "2024.11.16"]

1. Nf3 Nf6 2. d4 g6 3. Nc3 d5 4. Bf4 Bg7 5. Nb5 Na6 6. e3 O-O 7. h3 Ne4 8. c3 c6
9. Na3 Qa5 10. Be2 b5 11. Nc2 b4 12. cxb4 Nxb4 13. O-O Nxc2 14. Qxc2 c5 15. Be5
Bf5 16. Bxg7 Kxg7 17. g4 Be6 18. dxc5 Nxc5 19. a3 Ne4 20. b4 Qb6 21. Rac1 h5 22.
Qb2+ Kg8 23. Nd4 Bd7 24. gxh5 Qf6 25. Rc2 Qg5+ 26. Kh2 Qh4 27. Bf3 Ng5 28. Bg2
Nxh3 29. Rh1 Nxf2+ 30. Kg1 Nxh1 31. Bxh1 Qe1+ 32. Kh2 Qxe3 33. Re2 Qf4+ 34. Kg1
Rac8 35. Re1 Qg3+ 36. Kf1 Bh3+ 37. Ke2 Qh2+ 0-1

[Event "Tata Steel Chess India 2024 - Blitz"]
[Site "Kolkata"]
[Date "16.11.2024"]
[Round "4B"]
[White "Narayanan, S.L."]
[Black "Dubov, Daniil"]
[Result "0-1"]
[WhiteTitle "GM"]
[BlackTitle "GM"]
[WhiteElo "2647"]
[BlackElo "2693"]
[WhiteFideId "5058422"]
[BlackFideId "24126055"]
[EventDate "2024.11.16"]

1. d4 Nf6 2. c4 e6 3. Nf3 Nc6 4. g3 Bb4+ 5. Bd2 Bxd2+ 6. Qxd2 Qe7 7. Nc3 d5 8.
Bg2 O-O 9. O-O dxc4 10. Ne5 Nxe5 11. dxe5 Nd7 12. f4 Nb6 13. Kh1 Rd8 14. Qc1 Rb8
15. a4 a5 16. Ra3 Bd7 17. g4 Be8 18. g5 Qb4 19. Ne4 Bc6 20. Nc3 Bxg2+ 21. Kxg2
Rd4 22. h4 Rbd8 23. Na2 Qc5 24. h5 Rd2 25. Rf2 Nxa4 26. Raf3 Nxb2 0-1

[Event "Tata Steel Chess India 2024 - Blitz"]
[Site "Kolkata"]
[Date "16.11.2024"]
[Round "4B"]
[White "Carlsen, Magnus"]
[Black "Abdusattorov, Nodirbek"]
[Result "1-0"]
[WhiteTitle "GM"]
[BlackTitle "GM"]
[WhiteElo "2831"]
[BlackElo "2777"]
[WhiteFideId "1503014"]
[BlackFideId "14204118"]
[EventDate "2024.11.16"]

1. c4 c5 2. g3 g6 3. Bg2 Bg7 4. Nc3 Nc6 5. d3 d6 6. Qd2 Nf6 7. b3 O-O 8. Bb2 Rb8
9. e3 a6 10. Nge2 Bd7 11. O-O b5 12. Nd5 e6 13. Nxf6+ Bxf6 14. Bxf6 Qxf6 15.
Rac1 Rfc8 16. Rfd1 Ne5 17. f4 Nc6 18. Nc3 Qe7 19. Qb2 Qf6 20. Rd2 Kf8 21. d4
cxd4 22. Ne4 Qe7 23. exd4 Na5 24. d5 e5 25. c5 Bf5 26. Nxd6 Rxc5 27. Rxc5 Qxd6
28. Qc3 Re8 29. Re2 b4 30. Qxb4 Nb7 31. Rc4 exf4 32. Rxe8+ Kxe8 33. Qxb7 Qe5 34.
Qa8+ Ke7 35. Qa7+ Kf8 36. Rxf4 1-0

[Event "Tata Steel Chess India 2024 - Blitz"]
[Site "Kolkata"]
[Date "16.11.2024"]
[Round "4B"]
[White "Vidit, Santosh Gujrathi"]
[Black "Keymer, Vincent"]
[Result "1/2-1/2"]
[WhiteTitle "GM"]
[BlackTitle "GM"]
[WhiteElo "2739"]
[BlackElo "2733"]
[WhiteFideId "5029465"]
[BlackFideId "12940690"]
[EventDate "2024.11.16"]

1. d4 Nf6 2. c4 e6 3. Nf3 d5 4. Nc3 c6 5. Bg5 Nbd7 6. cxd5 exd5 7. e3 h6 8. Bh4
Be7 9. Qc2 O-O 10. Bd3 Re8 11. Nd2 c5 12. O-O a6 13. dxc5 Nxc5 14. Nf3 Bg4 15.
Nd4 Ne6 16. Nf5 Bxf5 17. Bxf5 Qa5 18. Rfd1 Rad8 19. Ne2 Qb6 20. h3 Ng5 21. Bg3
Bd6 22. Bxd6 Qxd6 23. Rac1 Qe7 24. Qc7 g6 25. Qxe7 Rxe7 26. Bc2 Ne6 27. Bb3 Red7
28. Rd2 Kg7 29. Rcd1 Nc5 30. Bc2 Nce4 31. Rd4 Nc5 32. Nf4 Ne6 33. Nxe6+ fxe6 34.
f4 Rc7 35. Bd3 Rdc8 36. Rb4 g5 37. Kf2 gxf4 38. exf4 h5 39. Re1 Kf7 40. f5 Re8
41. fxe6+ Rxe6 42. Rxe6 Kxe6 43. Ke3 Ke5 44. g4 hxg4 45. hxg4 d4+ 46. Kf3 b5 47.
a4 Nd5 48. Rb3 bxa4 49. Rb8 Rf7+ 50. Kg3 Nf4 51. Bf5 Nd5 52. Re8+ Kd6 53. Re6+
Kc5 54. Rxa6 Rb7 55. Ra5+ Kd6 56. Rxa4 Ke5 57. Ra1 Rxb2 58. Re1+ Ne3 59. Kf3 Rb3
60. Re2 Ra3 61. Re1 Ra8 62. Rb1 Ra3 63. Rb5+ Nd5+ 64. Ke2 Kd6 65. Kd2 Rg3 66.
Rb8 Nf4 67. Rd8+ Kc5 68. Rc8+ Kb5 69. Rb8+ Kc5 70. Rc8+ Kb6 71. Rd8 Rg2+ 72. Ke1
Kc5 73. Kf1 Kc4 74. Rc8+ Kb4 75. Rb8+ Kc3 76. Rc8+ Kb2 77. Rc4 Rd2 78. g5 Nd5
79. Ke1 Ne3 80. Kxd2 Nxc4+ 81. Kd3 Ne5+ 82. Ke4 Nf7 83. g6 Nh6 84. Be6 Kc3 85.
g7 d3 86. Ke3 d2 87. Ke2 Kc2 88. Bb3+ 1/2-1/2

[Event "Tata Steel Chess India 2024 - Blitz"]
[Site "Kolkata"]
[Date "16.11.2024"]
[Round "4B"]
[White "Praggnanandhaa, Rameshbabu"]
[Black "So, Wesley"]
[Result "1-0"]
[WhiteTitle "GM"]
[BlackTitle "GM"]
[WhiteElo "2737"]
[BlackElo "2747"]
[WhiteFideId "25059530"]
[BlackFideId "5202213"]
[EventDate "2024.11.16"]

1. e4 e5 2. Nf3 Nc6 3. g3 Nf6 4. d3 d5 5. exd5 Nxd5 6. Bg2 Bc5 7. O-O O-O 8. a3
a5 9. Nc3 Nxc3 10. bxc3 Rb8 11. Rb1 h6 12. Re1 Qf6 13. Qe2 Bg4 14. h3 Bh5 15. g4
Bg6 16. Nd2 Qh4 17. Rb5 Bd6 18. Nf3 Qe7 19. g5 hxg5 20. Nxg5 Bxa3 21. Bxa3 Qxa3
22. Bxc6 bxc6 23. Rxb8 Rxb8 24. Qxe5 Rf8 25. c4 a4 26. Nf3 Qb4 27. h4 f6 28.
Qxc7 a3 29. Kh2 Bh5 30. Rg1 Rf7 31. Qc8+ Qf8 32. Qxf8+ Kxf8 33. Nd4 Rb7 34. Ra1
Rb2 35. Rxa3 c5 36. Ne6+ Ke7 37. Nxc5 Rxc2 38. Kg3 1-0